| 000 | 00431nam a2200181Ia 4500 | ||
|---|---|---|---|
| 001 | 2206 | ||
| 005 | 20260306143825.0 | ||
| 008 | 260306t2021||||xx |||||||||||||| ||spa|| | ||
| 041 | _aESP | ||
| 082 |
_a616.07 _bK485A |
||
| 100 |
_aKumar, Vinay, _eAUT |
||
| 245 | 0 | _aPatología estructural y funcional | |
| 260 | _c2021 | ||
| 300 |
_axii, 1377 páginas : _c28 cm. |
||
| 650 | _aGEN | ||
| 654 | _aCCS | ||
| 942 |
_cLIB _dJUS _fJUS _2ddc _n |
||
| 999 |
_c2206 _d2206 |
||